[Event "EOBCC 2020"]
[Site "Online"]
[Date "2020.12.18"]
[Round "9.83"]
[White "Stukan, Martin"]
[Black "Hirneise, Tobias"]
[Result "1-0"]
[WhiteElo "2342"]
[BlackElo "2452"]
[Annotator "ChessBase"]
[PlyCount "111"]
[EventDate "2020.12.18"]
[EventType "tourn"]
[EventCountry "NET"]
[SourceTitle "playchess.com"]
[Source "ChessBase"]
[SourceQuality "1"]

1. e4 c5 2. Nf3 d6 3. d4 cxd4 4. Nxd4 Nf6 5. Nc3 Nc6 6. Bg5 e6 7. Qd2 a6 8. O-O-O Bd7 9. f4 h6 10. Bh4 Nxe4 11. Qe1 Nf6 12. Nf5 Qa5 13. Nxd6+ Bxd6 14. Rxd6 Qc7 15. Qd2 O-O-O 16. Be2 Ne7 17. Rd1 Nf5 18. Bxf6 gxf6 19. Rd3 Bc6 20. g3 Rxd3 21. Qxd3 Rd8 22. Qxd8+ Qxd8 23. Rxd8+ Kxd8 24. Kd2 Nd4 25. Bh5 Ke7 26. Ne2 Nb5 27. b3 Nd6 28. Ke3 Nf5+ 29. Kd3 e5 30. c4 Bg2 31. Bg4 Nd6 32. Ke3 b6 33. Nc3 Bc6 34. Bh3 a5 35. Bg4 Kd8 36. Bf3 Nf5+ 37. Kf2 Kc7 38. Bxc6 Kxc6 39. Nd5 Kc5 40. Nxf6 exf4 41. gxf4 Nd4 42. Nd5 b5 43. Ne3 b4 44. h4 h5 45. Nd5 a4 46. bxa4 Kxc4 47. Nf6 Ne6 48. Ke3 Nc5 49. Nxh5 Nxa4 50. Ng3 Nc3 51. h5 Nxa2 52. h6 b3 53. h7 b2 54. Nf1 Nc3 55. Nd2+ Kb4 56. h8=Q 1-0

[Event "EOBCC 2020"]
[Site "Online"]
[Date "2020.12.18"]
[Round "9.84"]
[White "Hess, Max"]
[Black "Gubajdullin, Alexei"]
[Result "1-0"]
[WhiteElo "2430"]
[BlackElo "2343"]
[Annotator "NA"]
[PlyCount "105"]
[EventDate "2020.12.18"]
[EventType "tourn"]
[EventCountry "NET"]
[SourceTitle "playchess.com"]
[Source "ChessBase"]
[SourceQuality "1"]

1. d4 b5 2. e4 Bb7 3. Bd3 Nf6 4. Qe2 a6 5. Nf3 e6 6. Bf4 c5 7. c3 c4 8. Bc2 d5 9. e5 Nfd7 10. Ng5 g6 11. h4 Be7 12. Qg4 Nf8 13. h5 Rg8 14. hxg6 hxg6 15. Nd2 Nc6 16. Ndf3 b4 17. Nh7 Qa5 18. Bd2 Nxh7 19. Rxh7 bxc3 20. bxc3 Rf8 21. Rb1 O-O-O 22. Rxf7 Rxf7 23. Qxe6+ Kb8 24. Qxf7 Qxa2 25. Kd1 Rh8 26. Qxg6 Ka8 27. Qe6 a5 28. Qd7 Rb8 29. Rxb7 Rxb7 30. Qxc6 Ka7 31. Qxd5 Qa1+ 32. Ke2 Qa2 33. Be4 Rc7 34. Qa8+ Kb6 35. Qb8+ Ka6 36. Qxc7 Qb3 37. Qxe7 a4 38. Qb7+ Qxb7 39. Bxb7+ Kxb7 40. Bc1 Kc6 41. Nd2 Kd5 42. Ba3 Kc6 43. f4 Kd5 44. Kf3 Ke6 45. Ke4 Kd7 46. d5 Kc7 47. e6 Kd8 48. d6 Ke8 49. d7+ Kd8 50. Kd5 Kc7 51. Bd6+ Kd8 52. Kc6 a3 53. e7# 1-0

[Event "EOBCC 2020"]
[Site "Online"]
[Date "2020.12.18"]
[Round "9.85"]
[White "Atalik, Ekaterina"]
[Black "Rieger, Robert"]
[Result "0-1"]
[WhiteElo "2450"]
[BlackElo "2326"]
[Annotator "ChessBase"]
[PlyCount "60"]
[EventDate "2020.12.18"]
[EventType "tourn"]
[EventCountry "NET"]
[SourceTitle "playchess.com"]
[Source "ChessBase"]
[SourceQuality "1"]

1. Nf3 Nf6 2. d4 d5 3. c4 c6 4. Nc3 dxc4 5. g3 b5 6. Bg2 Bb7 7. O-O e6 8. a4 a6 9. Ne5 Qc8 10. Bg5 Be7 11. e3 h6 12. Bxf6 Bxf6 13. Ne4 O-O 14. Nxf6+ gxf6 15. Ng4 Kg7 16. Qf3 Nd7 17. Qf4 Rh8 18. e4 Qb8 19. e5 f5 20. Ne3 c5 21. Bxb7 Qxb7 22. d5 Qc7 23. dxe6 fxe6 24. Rad1 Nf8 25. Nxf5+ exf5 26. Qxf5 Qf7 27. Qe4 Re8 28. Rd6 Qe7 29. Rfd1 Qxe5 30. Qg4+ Qg5 0-1

[Event "EOBCC 2020"]
[Site "Online"]
[Date "2020.12.18"]
[Round "9.86"]
[White "Soltanici, Ruslan"]
[Black "Kusa, Jakub"]
[Result "0-1"]
[WhiteElo "2410"]
[BlackElo "2336"]
[Annotator "NA"]
[PlyCount "48"]
[EventDate "2020.12.18"]
[EventType "tourn"]
[EventCountry "NET"]
[SourceTitle "playchess.com"]
[Source "ChessBase"]
[SourceQuality "1"]

1. e4 e5 2. Nf3 Nc6 3. Bb5 a6 4. Ba4 Nf6 5. O-O Nxe4 6. d4 b5 7. Bb3 d5 8. dxe5 Be6 9. c3 Be7 10. Nbd2 O-O 11. Bc2 Nc5 12. Nb3 Nxb3 13. axb3 Qd7 14. Re1 Rfd8 15. Qd3 g6 16. Nd4 Nxd4 17. cxd4 c5 18. dxc5 Bxc5 19. Bg5 Be7 20. Bxe7 Qxe7 21. Qd4 Rdc8 22. Bd3 Qd7 23. b4 Rd8 24. Rec1 Bf5 0-1

[Event "EOBCC 2020"]
[Site "Online"]
[Date "2020.12.18"]
[Round "9.87"]
[White "Grunberg, Mihai-Lucian"]
[Black "Papp, Petra"]
[Result "0-1"]
[WhiteElo "2401"]
[BlackElo "2336"]
[Annotator "NA"]
[PlyCount "68"]
[EventDate "2020.12.18"]
[EventType "tourn"]
[EventCountry "NET"]
[SourceTitle "playchess.com"]
[Source "ChessBase"]
[SourceQuality "1"]

1. Nf3 c5 2. g3 g6 3. Bg2 Bg7 4. O-O Nc6 5. c3 e5 6. e4 Nge7 7. Na3 O-O 8. Nc4 d6 9. a4 b6 10. d3 h6 11. Qc2 Be6 12. a5 b5 13. Ne3 a6 14. Nh4 d5 15. exd5 Nxd5 16. c4 Ndb4 17. Qd1 Rb8 18. cxb5 Rxb5 19. Nc4 Nxd3 20. Bxc6 Bxc4 21. Bxb5 Bxb5 22. Be3 Bc6 23. Qe2 Qd5 24. f3 e4 25. Rad1 Bb5 26. Qg2 Qb3 27. Rd2 Nxb2 28. Re1 Nc4 29. Bxc5 Rc8 30. Bd4 Nxd2 31. Qxd2 Rd8 32. Rxe4 Qb1+ 33. Re1 Bxd4+ 34. Kg2 Qb2 0-1

[Event "EOBCC 2020"]
[Site "Online"]
[Date "2020.12.18"]
[Round "9.88"]
[White "Bykhovsky, Avigdor"]
[Black "Sliwicka, Alicja"]
[Result "1-0"]
[WhiteElo "2400"]
[BlackElo "2311"]
[Annotator "ChessBase"]
[PlyCount "131"]
[EventDate "2020.12.18"]
[EventType "tourn"]
[EventCountry "NET"]
[SourceTitle "playchess.com"]
[Source "ChessBase"]
[SourceQuality "1"]

1. d4 Nf6 2. c4 c5 3. d5 b5 4. cxb5 a6 5. bxa6 Bxa6 6. Nc3 d6 7. g3 g6 8. Bg2 Bg7 9. Nf3 O-O 10. O-O Nbd7 11. Qc2 Qa5 12. Rd1 Rfb8 13. Bd2 Nb6 14. Be1 Nc4 15. b3 Na3 16. Qc1 Nb5 17. Na4 Qc7 18. Rb1 Nd7 19. e3 Nb6 20. Nxb6 Qxb6 21. a4 Nc7 22. Bc3 Bxc3 23. Qxc3 Qb4 24. Qxb4 Rxb4 25. Nd2 Rab8 26. Rbc1 Na8 27. Bf1 Bxf1 28. Kxf1 Nb6 29. e4 c4 30. a5 Nd7 31. Rxc4 R4b5 32. Ra1 Nc5 33. a6 Ra8 34. b4 Rxa6 35. Rb1 Nd3 36. Ke2 Ne5 37. Rc8+ Kg7 38. f4 Ng4 39. h3 Nf6 40. Rc7 Kf8 41. g4 Rab6 42. Rc4 e6 43. dxe6 fxe6 44. g5 Nd7 45. Rc7 Ke7 46. Rc4 d5 47. exd5 exd5 48. Rd4 Re6+ 49. Kd3 Nb6 50. Ra1 Nc8 51. Ra8 Nd6 52. Ra7+ Nb7 53. Nb3 Kd8 54. Rxb7 Rxb7 55. Nc5 Rbe7 56. Nxe6+ Rxe6 57. Rxd5+ Kc7 58. b5 Re1 59. f5 Rh1 60. f6 Rxh3+ 61. Ke4 Rh1 62. Rd3 Re1+ 63. Re3 Rd1 64. f7 Rd8 65. Ke5 Rb8 66. Kf6 1-0

[Event "EOBCC 2020"]
[Site "Online"]
[Date "2020.12.18"]
[Round "9.89"]
[White "Gurbanov, Andrei"]
[Black "Milliet, Sophie"]
[Result "1-0"]
[WhiteElo "2289"]
[BlackElo "2397"]
[Annotator "NA"]
[PlyCount "55"]
[EventDate "2020.12.18"]
[EventType "tourn"]
[EventCountry "NET"]
[SourceTitle "playchess.com"]
[Source "ChessBase"]
[SourceQuality "1"]

1. d4 Nf6 2. c4 c5 3. d5 g6 4. Nc3 Bg7 5. e4 d6 6. Bd3 Nbd7 7. Nge2 Ne5 8. O-O Nxd3 9. Qxd3 O-O 10. f4 e6 11. dxe6 Bxe6 12. f5 Bd7 13. Qxd6 Bc6 14. Qxd8 Raxd8 15. e5 Ng4 16. f6 Bh6 17. Bxh6 Nxh6 18. Nf4 Rfe8 19. Rae1 Nf5 20. Ncd5 h5 21. Nc7 Rf8 22. e6 fxe6 23. Ncxe6 Rd2 24. Nxf8 Kxf8 25. Nxg6+ Kf7 26. Ne5+ Kxf6 27. Nxc6 bxc6 28. Rf2 1-0

[Event "EOBCC 2020"]
[Site "Online"]
[Date "2020.12.18"]
[Round "9.90"]
[White "Neuman, Petr"]
[Black "Vesselovsky, Serguei"]
[Result "1-0"]
[WhiteElo "2393"]
[BlackElo "2316"]
[Annotator "NA"]
[PlyCount "83"]
[EventDate "2020.12.18"]
[EventType "tourn"]
[EventCountry "NET"]
[SourceTitle "playchess.com"]
[Source "ChessBase"]
[SourceQuality "1"]

1. e4 c5 2. Nc3 d6 3. d4 cxd4 4. Qxd4 Nf6 5. b3 g6 6. Bb2 Bg7 7. O-O-O O-O 8. Kb1 Nc6 9. Qd2 Bd7 10. f3 Qa5 11. g4 Rfc8 12. Nge2 b5 13. Ng3 b4 14. Nd5 Nxd5 15. Qxd5 Bxb2 16. Qxa5 Nxa5 17. Kxb2 Rc3 18. Bd3 Rac8 19. h4 Nc6 20. Rd2 Ne5 21. Be2 a5 22. Rf1 a4 23. g5 a3+ 24. Kb1 Bh3 25. Rf2 Be6 26. Bd3 Kg7 27. Ne2 R3c5 28. Nd4 Bd7 29. f4 Ng4 30. Rf3 e5 31. Ne2 exf4 32. Nxf4 Ne5 33. Rf1 Bc6 34. h5 Bb7 35. Rdf2 R8c7 36. h6+ Kf8 37. Ng2 Ke7 38. Ne3 Ke8 39. Nc4 Nxc4 40. Bxc4 Bxe4 41. Rxf7 Rxf7 42. Bxf7+ 1-0

[Event "EOBCC 2020"]
[Site "Online"]
[Date "2020.12.18"]
[Round "9.91"]
[White "Megalios, Konstantinos"]
[Black "Hirneise, Jens"]
[Result "1-0"]
[WhiteElo "2390"]
[BlackElo "2289"]
[Annotator "ChessBase"]
[PlyCount "111"]
[EventDate "2020.12.18"]
[EventType "tourn"]
[EventCountry "NET"]
[SourceTitle "playchess.com"]
[Source "ChessBase"]
[SourceQuality "1"]

1. d4 Nf6 2. c4 b5 3. cxb5 a6 4. bxa6 Bxa6 5. Nc3 d5 6. Bg5 Nbd7 7. e3 Bxf1 8. Kxf1 e6 9. Nf3 c5 10. g3 Qb6 11. Bxf6 Nxf6 12. Qd2 cxd4 13. Nxd4 Bb4 14. Kg2 O-O 15. f3 Rfd8 16. a3 Bxc3 17. bxc3 e5 18. Rhb1 Qc5 19. Rb5 Qc4 20. Rb4 Qa6 21. Nb5 Qc6 22. a4 Ra5 23. Rd1 Rda8 24. Qc2 h5 25. Qb3 e4 26. f4 Ng4 27. Re1 Qc5 28. Nd4 Nf6 29. h3 R5a6 30. Rb5 Qa7 31. Rb7 Qc5 32. Ra1 g6 33. Ra2 Ra5 34. Rb8+ Kg7 35. Rxa8 Rxa8 36. Qb4 Qa7 37. a5 Rb8 38. Nc6 Rxb4 39. Nxa7 Rb3 40. Nc6 Nd7 41. a6 Rxc3 42. a7 Nb6 43. Nd4 Rc8 44. Kf2 Ra8 45. Ke2 Kf6 46. Kd2 Ke7 47. Kc3 Kd6 48. Kb4 Nc8 49. Ra6+ Kc7 50. Rf6 Rxa7 51. Nb5+ Kd7 52. Rxf7+ Ne7 53. Nxa7 d4 54. exd4 e3 55. Kc3 e2 56. Kd2 1-0

[Event "EOBCC 2020"]
[Site "Online"]
[Date "2020.12.18"]
[Round "9.92"]
[White "Balajayeva, Khanim"]
[Black "Suder, Jakub"]
[Result "1/2-1/2"]
[WhiteElo "2376"]
[BlackElo "2239"]
[Annotator "NA"]
[PlyCount "99"]
[EventDate "2020.12.18"]
[EventType "tourn"]
[EventCountry "NET"]
[SourceTitle "playchess.com"]
[Source "ChessBase"]
[SourceQuality "1"]

1. e4 c5 2. c3 g6 3. d4 cxd4 4. cxd4 d5 5. e5 Nc6 6. Nf3 Bg7 7. Bb5 f6 8. O-O Bg4 9. Nbd2 e6 10. h3 Bxf3 11. Nxf3 fxe5 12. Nxe5 Bxe5 13. dxe5 Nge7 14. Bg5 Qb6 15. Bf6 O-O 16. Bd3 Rf7 17. Qd2 Nf5 18. Bxf5 gxf5 19. Rad1 Ne7 20. h4 Rc8 21. Qg5+ Kf8 22. Rd3 Ke8 23. Rb3 Qc7 24. Rc3 Qb8 25. Rfc1 Rxc3 26. Rxc3 Kd7 27. Qf4 Rxf6 28. Qa4+ b5 29. Qa6 Rf8 30. Rb3 Qb6 31. Qa3 a6 32. Qb4 Rc8 33. Qf4 Rc4 34. Qg5 Rg4 35. Qh6 Qd4 36. Rc3 Rxh4 37. Qc1 Ke8 38. g3 Rg4 39. Kg2 Qe4+ 40. f3 Qe2+ 41. Kh3 Rg6 42. Rc7 Kf7 43. Rxe7+ Kxe7 44. Qc7+ Kf8 45. Qd8+ Kg7 46. Qe7+ Kh6 47. Qh4+ Kg7 48. Qe7+ Kg8 49. Qe8+ Kg7 50. Qe7+ 1/2-1/2

[Event "EOBCC 2020"]
[Site "Online"]
[Date "2020.12.18"]
[Round "9.93"]
[White "Villegas, Pierre"]
[Black "Zovko, Mario"]
[Result "1/2-1/2"]
[WhiteElo "2367"]
[BlackElo "2312"]
[Annotator "NA"]
[PlyCount "49"]
[EventDate "2020.12.18"]
[EventType "tourn"]
[EventCountry "NET"]
[SourceTitle "playchess.com"]
[Source "ChessBase"]
[SourceQuality "1"]

1. d4 d5 2. c4 e6 3. Nc3 c5 4. cxd5 exd5 5. Nf3 Nc6 6. dxc5 d4 7. Na4 Bxc5 8. Nxc5 Qa5+ 9. Bd2 Qxc5 10. e3 Nf6 11. Rc1 Qb6 12. Bc4 O-O 13. O-O Bg4 14. Qb3 Bxf3 15. gxf3 Ne5 16. Kg2 Nxc4 17. Rxc4 dxe3 18. fxe3 Rad8 19. Rf2 Qe6 20. Rb4 Nd5 21. Re4 Qg6+ 22. Rg4 Qe6 23. Re4 Qg6+ 24. Rg4 Qe6 25. Re4 1/2-1/2

[Event "EOBCC 2020"]
[Site "Online"]
[Date "2020.12.18"]
[Round "9.94"]
[White "Beydullayeva, Govhar"]
[Black "Baghdasaryan, Vahe"]
[Result "0-1"]
[WhiteElo "2263"]
[BlackElo "2364"]
[Annotator "NA"]
[PlyCount "48"]
[EventDate "2020.12.18"]
[EventType "tourn"]
[EventCountry "NET"]
[SourceTitle "playchess.com"]
[Source "ChessBase"]
[SourceQuality "1"]

1. Nf3 c5 2. c4 Nc6 3. d4 cxd4 4. Nxd4 g6 5. e4 Bg7 6. Be3 Nf6 7. Nc3 d6 8. Be2 O-O 9. f3 Bd7 10. Qd2 a6 11. O-O Rc8 12. Rfc1 Qa5 13. Rab1 Nxd4 14. Bxd4 Be6 15. b4 Qh5 16. Nd5 Bxd5 17. cxd5 Nxe4 18. Qe3 Bh6 19. f4 Qxd5 20. Bf3 Bxf4 21. Qxe4 Qxe4 22. Bxe4 Rxc1+ 23. Rxc1 Bxc1 24. Bxb7 Rb8 0-1

[Event "EOBCC 2020"]
[Site "Online"]
[Date "2020.12.18"]
[Round "9.95"]
[White "Jagodzinski, Piotr"]
[Black "Bosiocic, Marin"]
[Result "0-1"]
[WhiteElo "2145"]
[BlackElo "2602"]
[Annotator "ChessBase"]
[PlyCount "126"]
[EventDate "2020.12.18"]
[EventType "tourn"]
[EventCountry "NET"]
[SourceTitle "playchess.com"]
[Source "ChessBase"]
[SourceQuality "1"]

1. d4 d6 2. c4 e5 3. e3 f5 4. Nc3 Nf6 5. dxe5 dxe5 6. Qxd8+ Kxd8 7. Nf3 Nc6 8. Bd2 e4 9. Nd4 Ne5 10. h3 c5 11. Nc2 Be6 12. b3 a6 13. O-O-O Kc7 14. Be2 Rd8 15. f4 exf3 16. gxf3 g6 17. e4 fxe4 18. Bf4 Bd6 19. Rxd6 Kxd6 20. Rd1+ Ke7 21. Bxe5 Rxd1+ 22. Bxd1 Rf8 23. h4 Nd7 24. f4 Nxe5 25. fxe5 Rf4 26. h5 gxh5 27. Bxh5 Rf5 28. Be2 Rxe5 29. Ne3 h5 30. Ng2 Rg5 31. Nf4 h4 32. Nxe4 Rg1+ 33. Kd2 h3 34. Nxe6 Kxe6 35. Nxc5+ Ke5 36. Bf3 b6 37. Nd7+ Kf4 38. Bd5 Rg2+ 39. Ke1 Kg3 40. Nf6 Rxa2 41. b4 h2 42. c5 bxc5 43. bxc5 Ra5 44. Nd7 Ra1+ 45. Kd2 Ra2+ 46. Bxa2 h1=Q 47. Bc4 Qe4 48. Kc3 Qc6 49. Ne5 Qxc5 50. Nd3 Qa3+ 51. Kd4 a5 52. Nc5 Qb4 53. Nd3 Qd2 54. Kc5 a4 55. Kb5 a3 56. Nb4 Qb2 57. Ka4 Kf3 58. Bb3 Ke3 59. Na2 Kd4 60. Nb4 Qc1 61. Nc2+ Kc5 62. Nxa3 Qa1 63. Bc4 Qc3 0-1

[Event "EOBCC 2020"]
[Site "Online"]
[Date "2020.12.18"]
[Round "9.96"]
[White "Matnadze, Ana"]
[Black "Koelle, Tobias"]
[Result "1-0"]
[WhiteElo "2421"]
[BlackElo "2340"]
[Annotator "NA"]
[PlyCount "103"]
[EventDate "2020.12.18"]
[EventType "tourn"]
[EventCountry "NET"]
[SourceTitle "playchess.com"]
[Source "ChessBase"]
[SourceQuality "1"]

1. d4 Nf6 2. c4 c5 3. d5 a6 4. a4 e6 5. Nc3 Qe7 6. Nf3 d6 7. g3 g6 8. Bg2 a5 9. O-O Bg7 10. dxe6 Bxe6 11. Nb5 O-O 12. Qxd6 Qxd6 13. Nxd6 Na6 14. Bf4 Rfd8 15. Nxb7 Rd7 16. Ne5 Rd4 17. Nxa5 Rf8 18. Nac6 Rxc4 19. Nxc4 Bxc4 20. Bf3 Nh5 21. Be5 Re8 22. Bxg7 Nxg7 23. Rfe1 Nf5 24. Rac1 Be6 25. a5 Bd7 26. Red1 Be6 27. e4 Ne7 28. Nxe7+ Rxe7 29. Rd6 Ra7 30. e5 Kf8 31. Rd8+ Ke7 32. Ra8 Rxa8 33. Bxa8 c4 34. Bb7 Nc7 35. a6 Nb5 36. Rd1 Na7 37. Bd5 Bg4 38. f3 Bc8 39. Bxc4 Nc6 40. b4 Nxb4 41. a7 Bb7 42. Rb1 Bxf3 43. Rxb4 f6 44. exf6+ Kxf6 45. Ba6 Ke5 46. Bb7 Bxb7 47. Rxb7 Kf5 48. a8=Q Kg4 49. Qa4+ Kf3 50. Qf4+ Ke2 51. Rd7 g5 52. Qf2# 1-0

[Event "EOBCC 2020"]
[Site "Online"]
[Date "2020.12.18"]
[Round "9.97"]
[White "Buksa, Nataliya"]
[Black "Nazaretyan, Tigran"]
[Result "1-0"]
[WhiteElo "2413"]
[BlackElo "2316"]
[Annotator "NA"]
[PlyCount "93"]
[EventDate "2020.12.18"]
[EventType "tourn"]
[EventCountry "NET"]
[SourceTitle "playchess.com"]
[Source "ChessBase"]
[SourceQuality "1"]

1. d4 Nf6 2. Nc3 d5 3. Bf4 c5 4. e3 a6 5. Nf3 Nc6 6. Ne5 cxd4 7. exd4 Qb6 8. Nxc6 bxc6 9. Na4 Qa5+ 10. c3 Bg4 11. f3 Bf5 12. b4 Qd8 13. Bd3 Bxd3 14. Qxd3 e6 15. O-O Be7 16. Nc5 Bxc5 17. bxc5 O-O 18. Rab1 Qa5 19. Qc2 Nd7 20. Rb7 e5 21. Bg3 Rad8 22. Qf5 g6 23. Qc2 Rfe8 24. h4 h5 25. Re1 Re6 26. Reb1 e4 27. fxe4 dxe4 28. Bc7 Qa3 29. Bxd8 Nf8 30. Bg5 e3 31. Re1 e2 32. Rxe2 Rxe2 33. Qxe2 Qxc3 34. Qe3 Qa1+ 35. Kh2 Qxa2 36. Bh6 Ne6 37. Rb8+ Kh7 38. Qe5 g5 39. Bxg5 Qf2 40. Qh8+ Kg6 41. Rg8+ Kf5 42. Qf6+ Ke4 43. Qxf2 Nxd4 44. Qf4+ Kd5 45. Rd8+ Kxc5 46. Qxd4+ Kb5 47. Rb8+ 1-0

[Event "EOBCC 2020"]
[Site "Online"]
[Date "2020.12.18"]
[Round "9.98"]
[White "Lazov, Toni"]
[Black "Colbow, Collin"]
[Result "1-0"]
[WhiteElo "2405"]
[BlackElo "2339"]
[Annotator "NA"]
[PlyCount "117"]
[EventDate "2020.12.18"]
[EventType "tourn"]
[EventCountry "NET"]
[SourceTitle "playchess.com"]
[Source "ChessBase"]
[SourceQuality "1"]

1. e4 c5 2. Nf3 d6 3. d4 cxd4 4. Nxd4 Nf6 5. Nc3 Nc6 6. Bg5 e6 7. Qd2 a6 8. f3 Bd7 9. O-O-O h6 10. Be3 Nxd4 11. Bxd4 Bc6 12. Kb1 b5 13. g4 b4 14. Ne2 d5 15. e5 Nd7 16. f4 Be7 17. f5 Bg5 18. Qxb4 exf5 19. gxf5 Be7 20. Qc3 Rc8 21. e6 Ba4 22. exd7+ Qxd7 23. Bxg7 Rxc3 24. Nxc3 Rg8 25. f6 Bc6 26. Bxa6 Bf8 27. Rhe1+ Kd8 28. Bc4 dxc4 29. Rxd7+ Kxd7 30. Bxf8 Rxf8 31. b3 Kd6 32. Kb2 Bd7 33. Ne4+ Kd5 34. Rd1+ Kc6 35. Ng3 Be6 36. Rd4 Rg8 37. Kc3 Rg6 38. Rf4 Rg5 39. a4 Rc5 40. b4 Re5 41. b5+ Kc5 42. Ne4+ Kd5 43. Nd2 Re3+ 44. Kb4 Re2 45. Nxc4 Rxc2 46. Ne3+ Ke5 47. Nxc2 Kxf4 48. b6 Bc8 49. a5 Ke5 50. Kb5 Kxf6 51. a6 Ke7 52. b7 Bd7+ 53. Kc5 f5 54. b8=Q f4 55. Qe5+ Kf7 56. Kd6 Be6 57. Qxf4+ Ke8 58. Kxe6 h5 59. Qb8# 1-0

[Event "EOBCC 2020"]
[Site "Online"]
[Date "2020.12.18"]
[Round "9.99"]
[White "Leszko, Bence"]
[Black "Havlik, Jan"]
[Result "1/2-1/2"]
[WhiteElo "2321"]
[BlackElo "2393"]
[Annotator "NA"]
[PlyCount "112"]
[EventDate "2020.12.18"]
[EventType "tourn"]
[EventCountry "NET"]
[SourceTitle "playchess.com"]
[Source "ChessBase"]
[SourceQuality "1"]

1. e4 c5 2. Nf3 Nc6 3. Bb5 g6 4. Bxc6 dxc6 5. O-O f6 6. h3 e5 7. c3 Be6 8. d4 cxd4 9. cxd4 exd4 10. Nxd4 Bf7 11. Nc3 Bc5 12. Be3 Ne7 13. Nxc6 Qxd1 14. Raxd1 Bxe3 15. Nxe7 Bb6 16. Ned5 Bd8 17. Nb5 O-O 18. Nd6 Bxd5 19. exd5 Rb8 20. Rfe1 Bc7 21. Ne4 Be5 22. b3 Rfd8 23. g3 Rbc8 24. f4 Bb2 25. Re2 Bc3 26. Rd3 Ba1 27. d6 f5 28. Ng5 Rd7 29. Re7 Rcd8 30. Rxd7 Rxd7 31. Nf3 Kf7 32. Ne5+ Bxe5 33. fxe5 Ke6 34. Re3 Rd8 35. Kf2 g5 36. h4 h6 37. hxg5 hxg5 38. a4 Rc8 39. Ke2 Rc2+ 40. Kd3 Rc5 41. Kd4 Rd5+ 42. Kc4 Rd1 43. Rd3 Rc1+ 44. Kb4 Rc8 45. Re3 f4 46. gxf4 gxf4 47. Re4 f3 48. Rf4 Kxe5 49. Rxf3 Kxd6 50. Rf6+ Kd7 51. Rh6 Re8 52. Rh7+ Kc6 53. Rh6+ Kc7 54. Rh7+ Kc6 55. Rh6+ Kc7 56. Rh7+ Kc6 1/2-1/2

[Event "EOBCC 2020"]
[Site "Online"]
[Date "2020.12.18"]
[Round "9.100"]
[White "Haring, Filip"]
[Black "Marjanovic, Annamaria"]
[Result "1-0"]
[WhiteElo "2376"]
[BlackElo "2338"]
[Annotator "ChessBase"]
[PlyCount "143"]
[EventDate "2020.12.18"]
[EventType "tourn"]
[EventCountry "NET"]
[SourceTitle "playchess.com"]
[Source "ChessBase"]
[SourceQuality "1"]

1. Nf3 Nf6 2. c4 g6 3. Nc3 Bg7 4. d4 d6 5. g3 O-O 6. Bg2 Nc6 7. O-O a6 8. Bg5 h6 9. Bf4 Rb8 10. Rc1 Bd7 11. e4 g5 12. Be3 Bg4 13. h3 Bxf3 14. Bxf3 e5 15. dxe5 Nxe5 16. Be2 Nc6 17. f4 Nh7 18. Bd3 gxf4 19. gxf4 Qh4 20. Kh2 Kh8 21. Rg1 Rg8 22. Rg4 Qe7 23. Nd5 Qd7 24. Rc2 Nf6 25. Nxf6 Bxf6 26. Rcg2 Rxg4 27. Rxg4 Rg8 28. Rxg8+ Kxg8 29. e5 Bg7 30. Be4 Kf8 31. exd6 Qxd6 32. Qxd6+ cxd6 33. b3 Ke7 34. Kg3 Nd8 35. Kf3 Kd7 36. Bf5+ Kc7 37. Kg4 b5 38. c5 d5 39. Kf3 d4 40. Bd2 Kc6 41. b4 Kd5 42. Bd3 Ne6 43. f5 Ng5+ 44. Bxg5 hxg5 45. Kg4 Bf6 46. Kf3 Bd8 47. a3 f6 48. Ke2 Bc7 49. Kf3 a5 50. Bxb5 axb4 51. axb4 Bf4 52. Bd3 Bd2 53. Be4+ Kc4 54. c6 Bf4 55. h4 d3 56. h5 d2 57. Ke2 g4 58. h6 Bxh6 59. c7 Kd4 60. Bg2 Bf4 61. c8=Q Bd6 62. Qd7 Ke5 63. Qe6+ Kf4 64. Qxd6+ Kg5 65. Qxd2+ Kh4 66. Qf4 Kh5 67. b5 Kh4 68. Qh2+ Kg5 69. b6 g3 70. Qxg3+ Kh5 71. b7 Kh6 72. b8=Q 1-0

[Event "EOBCC 2020"]
[Site "Online"]
[Date "2020.12.18"]
[Round "9.101"]
[White "Hurdzan, Tomas"]
[Black "Seul, Georg"]
[Result "1/2-1/2"]
[WhiteElo "2317"]
[BlackElo "2372"]
[Annotator "ChessBase"]
[PlyCount "170"]
[EventDate "2020.12.18"]
[EventType "tourn"]
[EventCountry "NET"]
[SourceTitle "playchess.com"]
[Source "ChessBase"]
[SourceQuality "1"]

1. e4 e5 2. Nf3 Nc6 3. Bc4 Nf6 4. d3 Bc5 5. O-O d6 6. c3 a6 7. a4 Ba7 8. Nbd2 h6 9. Re1 O-O 10. h3 Be6 11. Bxe6 fxe6 12. b4 Qe8 13. Nf1 Nh5 14. Be3 Bxe3 15. Rxe3 Nf4 16. Ne1 d5 17. exd5 exd5 18. Qb3 Kh8 19. Ng3 Qf7 20. Nf3 h5 21. h4 Rae8 22. Rae1 Qf6 23. b5 axb5 24. axb5 Nd8 25. Rxe5 Rxe5 26. Rxe5 Nf7 27. Re3 g5 28. hxg5 Nxg5 29. Nxg5 Qxg5 30. Qb4 Rg8 31. Qd4+ Kh7 32. Qe5 h4 33. Qxg5 Rxg5 34. Ne2 Nxg2 35. Re7+ Kh6 36. Kh2 Ne1 37. Nd4 c5 38. bxc6 bxc6 39. Re6+ Kh5 40. Rxc6 Nxd3 41. Rf6 Ne5 42. Kh3 Ng4 43. Rf8 Ne5 44. Rh8+ Kg6 45. Rxh4 Nc4 46. Rh8 Kf7 47. Rh7+ Kg6 48. Rd7 Ne5 49. Rxd5 Rh5+ 50. Kg2 Rg5+ 51. Kf1 Rh5 52. Rd6+ Kf7 53. Ra6 Nd3 54. Ke2 Nf4+ 55. Kf3 Nd5 56. Kg4 Rh1 57. f3 Rg1+ 58. Kf5 Ne3+ 59. Ke4 Nc4 60. Kd5 Ne3+ 61. Ke4 Nc4 62. f4 Re1+ 63. Kf5 Ne3+ 64. Kg5 Rg1+ 65. Kh5 Rh1+ 66. Kg5 Rg1+ 67. Kh4 Rg4+ 68. Kh5 Rxf4 69. Ra7+ Kf6 70. Ra6+ Kf7 71. Kg5 Rf1 72. Ra7+ Kf8 73. Rc7 Ke8 74. Ne6 Nd5 75. Ra7 Nxc3 76. Nd4 Ne4+ 77. Kg4 Nd6 78. Ra8+ Kf7 79. Ra7+ Kf6 80. Ra6 Ke5 81. Nb3 Ne4 82. Ra5+ Ke6 83. Ra6+ Ke5 84. Ra5+ Ke6 85. Ra6+ Ke5 1/2-1/2

[Event "EOBCC 2020"]
[Site "Online"]
[Date "2020.12.18"]
[Round "9.102"]
[White "Maly, Alexey"]
[Black "Antonov, Alexandr"]
[Result "1/2-1/2"]
[WhiteElo "2371"]
[BlackElo "2309"]
[Annotator "NA"]
[PlyCount "122"]
[EventDate "2020.12.18"]
[EventType "tourn"]
[EventCountry "NET"]
[SourceTitle "playchess.com"]
[Source "ChessBase"]
[SourceQuality "1"]

1. d4 d5 2. c4 e6 3. Nf3 Nf6 4. e3 Be7 5. Nbd2 O-O 6. Bd3 c5 7. O-O b6 8. Qe2 Bb7 9. b3 Nbd7 10. Bb2 Rc8 11. e4 dxe4 12. Nxe4 cxd4 13. Nxd4 Nc5 14. Nxc5 Bxc5 15. Rad1 Qe7 16. Nf3 Rfd8 17. Ne5 Nd7 18. Qh5 g6 19. Qh6 Qf8 20. Qh4 Be7 21. Qf4 Bd6 22. Qe3 Bxe5 23. Bxe5 Nxe5 24. Qxe5 Qd6 25. Qxd6 Rxd6 26. Bc2 Rcd8 27. Rxd6 Rxd6 28. Rd1 Rxd1+ 29. Bxd1 f5 30. f4 Kf7 31. Kf2 Kf6 32. Ke3 e5 33. g3 exf4+ 34. gxf4 h6 35. h4 g5 36. hxg5+ hxg5 37. fxg5+ Kxg5 38. b4 f4+ 39. Kd4 Kh4 40. c5 bxc5+ 41. bxc5 Kg3 42. Ke5 f3 43. Bxf3 Kxf3 44. Kd6 Ke3 45. Kc7 Bd5 46. a4 Kd4 47. Kd6 Kc4 48. c6 a5 49. c7 Bb7 50. Ke5 Kb4 51. Kd4 Kxa4 52. Kc3 Ka3 53. Kc2 Ka2 54. Kc1 a4 55. Kc2 a3 56. Kc1 Bc8 57. Kc2 Bf5+ 58. Kc1 Kb3 59. c8=Q Bxc8 60. Kb1 Bf5+ 61. Ka1 a2 1/2-1/2